01322 a2200181 4500003000500000005001700005040000900022082001400031100002400045245008100069260003300150300001700183505074900200650002600949942002300975999001900998952012301017NUST20221214172342.0 cNust a317.2,TEA aBarnett.P.A9104876 aTeaching and Organisation :bA Manual of Practice /c Edited by P.A. Barnett alondonblongmans Greenc1916 axix, 418:p.; aThe Criteria in Education (Page-1), Organization and Curricula (Page-14), The Kindergarten (Page-34), Reading and Speaking (Page-45), Writing (Page-56), Drawing (Page-63), Mathematics (Page-78), Mathematics (Page-79), On the Teaching of English Grammar (Page-98), English Literature (Page-136), Modern History (Page-161), Ancient History (Page-180), Geography (Page-199), Classical Teaching (Page-211), Classical Teaching (Page-214), The Teaching of Modern Languages (Page-261), Vocal Music (Page-281), Ineffectiveness’ in Teaching (Page-313), Specialisation (Page-332), School Libraries (Page-344), Health and Physical Culture (Page-356), Furniture Apparatus and Appliances (Page-384), Organisation and Curricula in Girls Schools (Page-398). a Organisation9104877 2ddccBKk317.2,TEA c184880d184880 00102ddc4070aMCSbMCScGENd2016-12-12o317.2,TEApMCS30050r2016-12-08w2016-12-12yBKzAlmirah No.49, Shelf No.3